000 00822nam a2200277Ia 4500
003 OSt
005 20221007064448.0
006 a|||||r|||| 00| 0
007 ta
008 221006b |||||||| |||| 00| 0 eng d
020 _a9789381308639
024 _a45,593
037 _cTextual
040 _aFLL
_cFLL
_beng
041 _2eng
_aeng
082 _aF56:(Z2).N85, Q7.2
100 _aIYER.s Au.
_9685820
245 0 _aIyer's comprehensive classic on the narcotic drugs and psychotropic substances act, 1985
250 _a3rd
260 _aDelhi
_bDelhi Law House India
_c2017
300 _avi,1031-2044,xxviiip.
_ccm.
490 _vVolume - 2
500 _aRevised By R. M. Tufail and S.K.P. Sriniwas
942 _hF56:(Z2).N85, Q7.2
_cTEXL
_2CC
999 _c1134152
_d1134152